Skip to main content
Your cart is empty.
Your lists
Log in to create your own lists
Your cookies
العربية
English
العربية
Home
Search
Advanced search
Authority search
About
The noble scholar, jurist, historian
His Excellency Dr. Abdul Wahhab bin Ibrahim Abu Sulaiman, may Allah have mercy on him.
He was born in Umm Al-Qura in the year 1356 AH.
Library catalog
Title
Author
Subject
ISBN
ISSN
Series
Call number
Log in to your account
×
Login:
Password:
Home
MARC view: فيض الخبير وخلاصة التقرير على نهج التيسير :
Normal view
MARC view
ISBD view
فيض الخبير وخلاصة التقرير على نهج التيسير : (Record no. 8369)
[
view plain
]
MARC details
000 -LEADER
fixed length control field
01436cam a22002891i 4500
003 - CONTROL NUMBER IDENTIFIER
control field
SA-RiAUC
005 - DATE AND TIME OF LATEST TRANSACTION
control field
20250526070155.0
008 - FIXED-LENGTH DATA ELEMENTS--GENERAL INFORMATION
fixed length control field
250523s1978 xx g 00010 ara c
040 ## - CATALOGING SOURCE
Original cataloging agency
KW-KcNLK
Language of cataloging
ara
Transcribing agency
SA-RiAUC.
Description conventions
rda
050 #4 - LIBRARY OF CONGRESS CALL NUMBER
Item number
.M35 1978
082 04 - DEWEY DECIMAL CLASSIFICATION NUMBER
Classification number
227.3
Assigning agency
SA-RiAUC
090 ## - LOCALLY ASSIGNED LC-TYPE CALL NUMBER (OCLC); LOCAL CALL NUMBER (RLIN)
Classification number (OCLC) (R) ; Classification number, CALL (RLIN) (NR)
227.3
Local cutter number (OCLC) ; Book number/undivided call number, CALL (RLIN)
م ا ل
100 1# - MAIN ENTRY--PERSONAL NAME
Personal name
المالكي، علوي بن عباس بن عبد العزيز،
Dates associated with a name
1328-1391 هجري
Relator term
مؤلف.
245 10 - TITLE STATEMENT
Title
فيض الخبير وخلاصة التقرير على نهج التيسير :
Remainder of title
شرح منظومة التفسير /
Statement of responsibility, etc.
علوي بن السيد عباس المالكي.
250 ## - EDITION STATEMENT
Edition statement
الطبعة الثالثة.
264 #1 - PRODUCTION, PUBLICATION, DISTRIBUTION, MANUFACTURE, AND COPYRIGHT NOTICE
Place of production, publication, distribution, manufacture
[مكان النشر غير محدد] :
Name of producer, publisher, distributor, manufacturer
دار الفكر للطباعة والنشر والتوزيع،
Date of production, publication, distribution, manufacture, or copyright notice
1978
300 ## - PHYSICAL DESCRIPTION
Extent
192 صفحة ؛
Dimensions
24 سم
336 ## - CONTENT TYPE
Content type term
نص
Content type code
txt
Source
rdacontent
Materials specified
كتاب
337 ## - MEDIA TYPE
Media type term
بدون وسيط
Media type code
n
Source
rdamedia
338 ## - CARRIER TYPE
Carrier type term
مجلد
Carrier type code
nc
Source
rdacarrier
630 27 - SUBJECT ADDED ENTRY--UNIFORM TITLE
Uniform title
القرآن
General subdivision
تفاسير مأثورة
Source of heading or term
aucut
700 12 - ADDED ENTRY--PERSONAL NAME
Relationship information
شرح لـ :
Personal name
الكتبي، محمد يحيى بن أمان،
Dates associated with a name
1312-1387 هجري.
Title of a work
التيسير : شرح منظومة التفسير
700 12 - ADDED ENTRY--PERSONAL NAME
Relationship information
شرح لـ :
Personal name
الزمزمي، عبد العزيز بن علي بن عبد العزيز،
Dates associated with a name
900-976 هجري.
Title of a work
منظومة التفسير.
730 22 - ADDED ENTRY--UNIFORM TITLE
Uniform title
القرآن
942 ## - ADDED ENTRY ELEMENTS (KOHA)
Source of classification or shelving scheme
Dewey Decimal Classification
Koha item type
Books
Suppress in OPAC
No
949 ## - LOCAL PROCESSING INFORMATION (OCLC)
a
SA-JeALM
d
250523
u
mohamedma123
n
1
Holdings
Withdrawn status
Lost status
Source of classification or shelving scheme
Damaged status
Not for loan
Home library
Current library
Date acquired
Total checkouts
Full call number
Barcode
Date last seen
Price effective from
Koha item type
Dewey Decimal Classification
DR AbdElwahab Library
DR AbdElwahab Library
05/26/2025
227.3 م ا ل
000013628
05/26/2025
05/26/2025
Books
Place hold
Print
Add to your cart
(remove)
Save record
BIBTEX
Dublin Core
MARCXML
MARC (non-Unicode/MARC-8)
MARC (Unicode/UTF-8)
MARC (Unicode/UTF-8, Standard)
MODS (XML)
RIS
ISBD
More searches
Search for this title in:
Other Libraries (WorldCat)
Other Databases (Google Scholar)
Online Stores (Bookfinder.com)
Open Library (openlibrary.org)
Exporting to Dublin Core...
×
Simple DC-RDF
OAI-DC
SRW-DC